Textbook on animals genetics and breeding (Record no. 507)

000 -LEADER
fixed length control field 00600nam a22002177a 4500
008 - FIXED-LENGTH DATA ELEMENTS--GENERAL INFORMATION
fixed length control field 161003b xxu||||| |||| 00| 0 eng d
020 ## - INTERNATIONAL STANDARD BOOK NUMBER
International Standard Book Number 8127224855(pbk.)
082 ## - DEWEY DECIMAL CLASSIFICATION NUMBER
Edition number 23
Classification number 636.0821
Item number PAR
100 ## - MAIN ENTRY--PERSONAL NAME
Personal name Parekh,H K B
245 ## - TITLE STATEMENT
Title Textbook on animals genetics and breeding
250 ## - EDITION STATEMENT
Edition statement 1st ed.
260 ## - PUBLICATION, DISTRIBUTION, ETC. (IMPRINT)
Place of publication, distribution, etc. New Delhi
Name of publisher, distributor, etc. kalyani Publishers
Date of publication, distribution, etc. 2005
300 ## - PHYSICAL DESCRIPTION
Extent 276p.
Dimensions 24cm.
500 ## - GENERAL NOTE
General note It includes author index, subject index and reference.
650 ## - SUBJECT ADDED ENTRY--TOPICAL TERM
Source of heading or term Biology
Topical term or geographic name as entry element Biology
653 ## - INDEX TERM--UNCONTROLLED
Uncontrolled term Genetics
653 ## - INDEX TERM--UNCONTROLLED
Uncontrolled term Breeding
700 ## - ADDED ENTRY--PERSONAL NAME
Personal name Srivastava,P N
700 ## - ADDED ENTRY--PERSONAL NAME
Personal name Sarkhel,B C
942 ## - ADDED ENTRY ELEMENTS (KOHA)
Source of classification or shelving scheme
Koha item type Books
Holdings
Withdrawn status Lost status Source of classification or shelving scheme Materials specified (bound volume or other part) Damaged status Not for loan Collection code Permanent location Current location Shelving location Date acquired Coded location qualifier Cost, normal purchase price Full call number Barcode Date last seen Cost, replacement price Price effective from Koha item type
      PB     Biotechnology Section Maulana Azad Central Library Maulana Azad Central Library General Stacks 2016-10-03 BIO 195.00 636.0821 PAR 3048 2016-10-03 195.00 2016-10-03 Books

Copyright @ USTM
Techno City, Kiling Road, Baridua, 9th Mile,
Ri-Bhoi, Meghalaya-793101

Powered by Koha